Fyzikové ve službách průmyslové revoluce

Salvato in:
Dettagli Bibliografici
Autore principale: Kraus, Ivo (Autore)
Natura: Libro
Lingua:ceco
Pubblicazione: Praha : Academia, 2012
Edizione:1. vyd.
Soggetti:
Tags: Aggiungi Tag
Nessun Tag, puoi essere il primo ad aggiungerne!!

MARC

LEADER 00000nam a22000003a 4500
001 stu253870
005 20150617230201.4
008 120903s--------xr------------------cze-d
020 |a 978-80-200-2087-1 
040 |a STU  |b slo 
041 0 |a cze 
044 |a xr 
080 |a 53  |7 stu_us_auth*stu7966 
100 1 |a Kraus, Ivo  |4 aut 
245 1 |a Fyzikové ve službách průmyslové revoluce 
250 |a 1. vyd. 
260 |a Praha :  |b Academia,  |c 2012 
300 |a 281 s 
650 7 |a fyzika  |2 stusub 
650 7 |a priemyselná revolúcia  |2 stusub 
996 |b 284EK89053  |c E*89053  |l EE32  |s P  |a 0  |w stu253870_0001